00660 2200253 4500001002100000005001700021008004100038020001800079035002400097090001800121100001200139245003700151250001000188260003100198300002400229440002500253500002600278650003500304650001800339850001500357980001300372985000600385999001500391YOGYA-0209000003475820090227024925.0 ind  a979-497-427-7 0010-020900000034758 a664bHar TlT aHARYOTO aTempe dan kecap kecipircHaryoto aCet.1 aYogyakartabKanisiusc1995 a70 hlmbilusc19 cm aTeknologi tepat guna aBibliografi : hlm. 70 aKecipir sebagai sumber protein aTempe Kecipir aYOPDYOG(B) a01-11-06 a1 a98P0105377